• 首页
  • 本馆介绍
  • 公告通知
  • 最新文献
  • 馆藏检索
  • 电子资源
  • 读者导购
  • 参考咨询
  • 我的图书馆
  • 登录
  • 详细信息显示
  • 放入我的书架
  • 预约/预借图书
  • 作者相关作品
  • 分类相关作品
  • 丛书相关作品
  • 出版社相关作品

书目信息

  • 表格格式
  • 工作单格式
  • 卡片格式
题名:
高等工程数学
    
 
作者: 黄克欧 编
分册: 上册  
出版信息: 北京   人民铁道出版社  1979
页数: 437页
开本: 26cm
丛书名:
单 册:
中图分类: TB11
科图分类:
主题词: 高等数学--工程数学--高等学校--教学参考资料
电子资源:
ISBN:
000 00630nam0 2200217 45
001 0182000382
005 20060512091416.09
010    @dCNY2.85
091    @a15043.5126
100    @a19960109d1979 em y0chiy0121 ea
101 0  @achi
105    @ay z 000yy
200 10 @a高等工程数学@Agao deng gong cheng shu xue@h上册@f黄克欧等编@Fhuang ke ou deng bian
210    @a北京@c人民铁道出版社@d1979
215    @a437页@d26cm
300    @a高等学校教学参考书
606    @a高等数学@x工程数学@x高等学校@x教学参考资料
690    @aTB11@v3
701  0 @a黄克欧@Ahuang ke ou@4编
801  0 @aCN@bTSSF@c20060512
905    @a10447@dTB11@e10:1
    
    高等工程数学.上册/黄克欧等编.-北京:人民铁道出版社,1979
    437页;26cm
    高等学校教学参考书
    
    ISBN :CNY2.85
    
●
相关链接 在E读中查询图书 在五车中查询图书 在当当中查询图书 在豆瓣中查询图书


正题名:高等工程数学     索取号:TB11/10:1         预约/预借

序号 登录号 条形码 馆藏地/架位号 状态 备注
1 0015205   202335393   密集书库/ [索取号:TB11/10:1] 在馆    
2 0015209   000883574   密集书库/ [索取号:TB11/10:1] 在馆    
3 0015212   000883583   密集书库/ [索取号:TB11/10:1] 在馆    
4 0015213   202335632   密集书库/ [索取号:TB11/10:1] 在馆    
唐山师范学院图书馆 欢迎您!
大连网信软件有限公司© 版权所有